Catálogo público

Evaluación de componentes morfológicos de avena, ballico anual y veza de invierno en monocultivo y asociación para invierno, en Tecamac, México / (Record no. 168818)

MARC details
000 -CABECERA
campo de control de longitud fija 00925nam a2200289Ia 4500
001 - NÚMERO DE CONTROL
campo de control Z_5714
003 - IDENTIFICADOR DEL NÚMERO DE CONTROL
campo de control CHAP
008 - DATOS DE LONGITUD FIJA--INFORMACIÓN GENERAL
campo de control de longitud fija 220113s2008 xx 000 0 und d
010 ## - NÚMERO DE CONTROL DE LA BIBLIOTECA DEL CONGRESO
Número de control de LC 168818
040 ## - FUENTE DE LA CATALOGACIÓN
Centro/agencia transcriptor CHAP
090 ## - LOCALMENTE ASIGNADO TIPO-LC NÚMERO DE CLASIFICACIÓN (OCLC); NÚMERO DE CLASIFICACIÓN LOCAL (RLIN)
Número de clasificación (OCLC) (R) ; Numero de clasificación, CALL (RLIN) (NR) Tesis G 2103
100 ## - ENTRADA PRINCIPAL--NOMBRE DE PERSONA
Nombre de persona Galindo Villalobos, Jesús Alejandro
9 (RLIN) 44314
245 ## - MENCIÓN DE TÍTULO
Título Evaluación de componentes morfológicos de avena, ballico anual y veza de invierno en monocultivo y asociación para invierno, en Tecamac, México /
Mención de responsabilidad, etc. Jesús Alejandro Galindo Villalobos
260 ## - PUBLICACIÓN, DISTRIBUCIÓN, ETC.
Lugar de publicación, distribución, etc. Chapingo, Méx. :
Nombre del editor, distribuidor, etc. El autor,
Fecha de publicación, distribución, etc. 2008
300 ## - DESCRIPCIÓN FÍSICA
Extensión 76 h.
502 ## - NOTA DE TESIS
Nota de tesis Tesis (Ing. Agr. Esp. en Zootecnia) -- UACH. Departamento de Zootecnia
650 ## - PUNTO DE ACCESO ADICIONAL DE MATERIA--TÉRMINO DE MATERIA
Término de materia o nombre geográfico como elemento de entrada Avena como forraje
9 (RLIN) 8556
650 ## - PUNTO DE ACCESO ADICIONAL DE MATERIA--TÉRMINO DE MATERIA
Término de materia o nombre geográfico como elemento de entrada Cultivos asociados
9 (RLIN) 30370
650 ## - PUNTO DE ACCESO ADICIONAL DE MATERIA--TÉRMINO DE MATERIA
Término de materia o nombre geográfico como elemento de entrada Forrajes
Subdivisión general Rendimiento
9 (RLIN) 42593
650 ## - PUNTO DE ACCESO ADICIONAL DE MATERIA--TÉRMINO DE MATERIA
Término de materia o nombre geográfico como elemento de entrada Veza
9 (RLIN) 119028
901 ## - ELEMENTOS DE DATOS A LOCAL LDA (RLIN)
a TESIS G 2103
902 ## - ELEMENTOS DE DATOS B LOCAL, LDB (RLIN)
a M
910 ## - DATOS DE OPCIÓN DEL USUARIO (OCLC)
Datos de opción del usuario 2008
942 ## - ELEMENTOS DE PUNTO DE ACCESO ADICIONAL (KOHA)
Tipo de ítem Koha Tesis_
942 ## - ELEMENTOS DE PUNTO DE ACCESO ADICIONAL (KOHA)
Tipo de ítem Koha Tesis_
Holdings
Estado de retiro Estado de pérdida Estado dañado No para préstamo Localización permanente Ubicación/localización actual Ubicación en estantería Fecha de adquisición Información codificada de la localización en otra ubicación Total de préstamos Código de barras Fecha visto por última vez Número de copia Precio válido a partir de Tipo de ítem Koha Nota pública
        Zootecnia Zootecnia   13/01/2009 2   z_T 3620 18/01/2022 1 18/01/2022 Tesis_ 2
        Zootecnia Zootecnia   13/01/2009 2   z_T 3621 18/01/2022 2 18/01/2022 Tesis_ 3